<?xml version="1.0" encoding="UTF-8"?>
<record
    xmlns:xsi="http://www.w3.org/2001/XMLSchema-instance"
    xsi:schemaLocation="http://www.loc.gov/MARC21/slim http://www.loc.gov/standards/marcxml/schema/MARC21slim.xsd"
    xmlns="http://www.loc.gov/MARC21/slim">

  <leader>00540nam a22001817a 4500</leader>
  <controlfield tag="005">20260410154535.0</controlfield>
  <datafield tag="010" ind1=" " ind2=" ">
    <subfield code="a">ENG-148215</subfield>
  </datafield>
  <datafield tag="020" ind1=" " ind2=" ">
    <subfield code="a">9789391091507</subfield>
    <subfield code="c">290.00</subfield>
  </datafield>
  <datafield tag="035" ind1=" " ind2=" ">
    <subfield code="a">EN-131747</subfield>
  </datafield>
  <datafield tag="037" ind1=" " ind2=" ">
    <subfield code="b">DBAD/PUB</subfield>
  </datafield>
  <datafield tag="082" ind1=" " ind2=" ">
    <subfield code="a">821</subfield>
  </datafield>
  <datafield tag="100" ind1=" " ind2=" ">
    <subfield code="a">Jernail Singh </subfield>
    <subfield code="9">88867</subfield>
  </datafield>
  <datafield tag="245" ind1=" " ind2=" ">
    <subfield code="a">Critical Review/</subfield>
    <subfield code="c">Jernail Singh </subfield>
  </datafield>
  <datafield tag="260" ind1=" " ind2=" ">
    <subfield code="a">Gurugram</subfield>
    <subfield code="b">The Poetry Society of India</subfield>
    <subfield code="c">2022</subfield>
  </datafield>
  <datafield tag="270" ind1=" " ind2=" ">
    <subfield code="a">H-23/16, DLF Phase-I</subfield>
    <subfield code="b">Gurugram</subfield>
    <subfield code="e">122002</subfield>
    <subfield code="m">thepoetrysoindia@gmail.com</subfield>
  </datafield>
  <datafield tag="300" ind1=" " ind2=" ">
    <subfield code="a">149p.</subfield>
    <subfield code="c">22cm(pbk)</subfield>
  </datafield>
  <datafield tag="942" ind1=" " ind2=" ">
    <subfield code="2">ddc</subfield>
    <subfield code="c">EN</subfield>
    <subfield code="h">821</subfield>
    <subfield code="m">JER</subfield>
  </datafield>
  <datafield tag="999" ind1=" " ind2=" ">
    <subfield code="c">215860</subfield>
    <subfield code="d">215860</subfield>
  </datafield>
  <datafield tag="952" ind1=" " ind2=" ">
    <subfield code="0">0</subfield>
    <subfield code="1">0</subfield>
    <subfield code="4">0</subfield>
    <subfield code="7">1</subfield>
    <subfield code="8">NFIC</subfield>
    <subfield code="a">DBAD</subfield>
    <subfield code="b">DBAD</subfield>
    <subfield code="d">2026-04-10</subfield>
    <subfield code="e">Delivery of Books Act Division</subfield>
    <subfield code="g">290.00</subfield>
    <subfield code="l">0</subfield>
    <subfield code="o">821 JER</subfield>
    <subfield code="p">EN-131747</subfield>
    <subfield code="r">2026-04-10 15:45:57</subfield>
    <subfield code="t">1</subfield>
    <subfield code="v">290.00</subfield>
    <subfield code="w">2026-04-10</subfield>
    <subfield code="y">EN</subfield>
  </datafield>
</record>
